The Oxford 5000 - Letter B - Translate from Polish to English - Statystyki

Ogólne statystyki
  • Ten quiz został rozwiązany 15 razy
  • Średni wynik to 31 z 81
Statystyki odpowiedzi
Polish Angielski % Poprawnych
balet ballet
100%
balon ballon
100%
nietoperz, kij (np. bejsbolowy) / odbijać kijem bat
100%
bestia, dzikie zwierzę beast
100%
koc blanket
100%
brutalny brutal
100%
transparent, baner banner
83%
piwnica, suteren basement
83%
koszyk, kosz basket
83%
ławka, ława (np. sędziowska, oskarżonych) bench
83%
biografia biography
83%
bas (dźwięk lub instrument) bass
67%
pole bitwy battlefield
67%
behawioralny, dotyczący zachowania behavioral
67%
zdradzić betray
67%
biologiczny biological
67%
biskup, goniec (w szachach) bishop
67%
krwawić bleed
67%
błogosławić bless
67%
kopia zapasowa, wsparcie backup
50%
zrównoważony balanced
50%
ledwie, zaledwie barely
50%
beczka, lufa barrel
50%
pod, poniżej beneath
50%
obok, przy beside
50%
błogosławieństwo blessing
50%
odważny, śmiały, pogrubiony (o czcionce) bold
50%
bombardowanie, zamach bombowy bombing
50%
rezerwacja booking
50%
awaria, załamanie (np. nerwowe), rozpad breakdown
50%
dolar (potocznie); dorosły samiec jelenia, kozła buck
50%
robal, błąd (w programie), podsłuch, pluskwa bug
50%
nagi, obnażony bare
33%
okazja cenowa, korzystna transakcja bargain
33%
zatoka bay
33%
promień (światła), belka beam
33%
ukochany beloved
33%
punkt odniesienia, test porównawczy benchmark
33%
napój beverage
33%
ostrze; źdźbło (trawy) blade
33%
cios, uderzenie; podmuch blow
33%
pobudzać, zwiększać / wzrost, zastrzyk (np. energii) boost
33%
granica boundary
33%
przełom breakthrough
33%
rozmnażać się, hodować / rasa (zwierząt) breed
33%
cegła brick
33%
biurokracja bureaucracy
33%
odznaka, identyfikator, symbol badge
17%
kaucja bail
17%
karta do głosowania, głosowanie ballot
17%
bankructwo, upadłość bankruptcy
17%
w imieniu behalf
17%
uprzedzenie, stronniczość bias
17%
oferta (w licytacji), próba / licytować bid
17%
dziwaczny, kuriozalny bizarre
17%
mieszać, łączyć / mieszanka blend
17%
chwalić się; szczycić się boast
17%
premia, dodatek bonus
17%
szybki wzrost, huk boom
17%
kłaniać się / ukłon, smyczek, łuk(do strzelania) bow
17%
krótko, zwięźle briefly
17%
nadawca (stacja telewizyjna/radiowa), prezenter broadcaster
17%
szeroko; ogólnie broadly
17%
przeglądarka internetowa browser
17%
kumpel, kolega buddy
17%
bufor, strefa ochronna buffer
17%
większość; masa; objętość bulk
17%
pochówek, pogrzeb burial
17%
tło, sceneria backdrop
0%
poparcie, wsparcie (np. finansowe) backing
0%
korzystny, dobroczynny beneficial
0%
beneficjent / beneficjentka, osoba odnosząca korzyść beneficiary
0%
oprócz / poza tym, ponadto besides
0%
wiązać, oprawiać (książkę), zobowiązywać bind
0%
wybuch, podmuch / wysadzić w powietrze; zdmuchnąć blast
0%
odbijać się (np. piłka), odrzucać (o wiadomości e-mail) bounce
0%
zobowiązany, zmuszony bound
0%
naruszenie, złamanie (zasad) / naruszyć, przełamać breach
0%
szerokopasmowy internet; łącze szerokopasmowe broadband
0%
ciężar, brzemię burden
0%
pęknąć, wybuchnąć (np. płaczem, śmiechem) burst
0%
Nie znaleziono quizów pasujących do podanych kryteriów
Rozkład punktacji
Procent ludzi z każdym wynikiem
Percentyl według liczby udzielonych odpowiedzi
Twoja historia wyników
Nie rozwiązałeś tego quizu